Socio-political violence & the crisis of governance in south asia: a preliminiary explora--tion (Record no. 502302)

000 -LEADER
fixed length control field 00601cam a22001697a 4500
008 - FIXED-LENGTH DATA ELEMENTS--GENERAL INFORMATION
fixed length control field 180718b2003 xxu||||| |||| 00| 0 eng d
082 ## - DEWEY DECIMAL CLASSIFICATION NUMBER
Classification number B259x54 Su14
100 ## - MAIN ENTRY--PERSONAL NAME
Personal name Subramanian, K.S.
245 ## - TITLE STATEMENT
Title Socio-political violence & the crisis of governance in south asia: a preliminiary explora--tion
Statement of responsibility, etc. by K.S. Subramanian
260 ## - PUBLICATION, DISTRIBUTION, ETC.
Place of publication, distribution, etc. New delhi
Name of publisher, distributor, etc. Academy of third world studies
Date of publication, distribution, etc. 2003
300 ## - PHYSICAL DESCRIPTION
Extent 66p.
650 ## - SUBJECT ADDED ENTRY--TOPICAL TERM
Topical term or geographic name entry element Social violence -South Asia
650 ## - SUBJECT ADDED ENTRY--TOPICAL TERM
Topical term or geographic name entry element Plitical violence -South Asia
650 ## - SUBJECT ADDED ENTRY--TOPICAL TERM
Topical term or geographic name entry element Social conflict -South Asia
650 ## - SUBJECT ADDED ENTRY--TOPICAL TERM
Topical term or geographic name entry element Communalism -South Asia
650 ## - SUBJECT ADDED ENTRY--TOPICAL TERM
Topical term or geographic name entry element Violence -South Asia
Holdings
Withdrawn status Lost status Damaged status Not for loan Permanent Location Current Location Date acquired Full call number Barcode Date last seen Price effective from Koha item type
        Indian Institute of Public Administration Indian Institute of Public Administration 2018-08-04 B259x54 Su14 GR18056 2018-08-04 2018-08-04 GR

Powered by Koha